000 01239nam a2200289 i 4500
001 177468
003 ES-MaACL
005 20250712024118.0
008 110325s1964 sp |||| | spa d
080 _a821.134.2.09
100 1 _aIglesias Laguna, Antonio,
_d1927-1972
_965122
245 1 1 _a¿Por qué no se traduce la literatura española? /
_cAntonio Iglesias Laguna.
260 _aMadrid :
_bAteneo :
_bEditora Nacional,
_c1964.
300 _a35 p. ;
_c20 cm.
490 1 _aColección Ateneo ;
_v22
594 _aConferencia pronunciada en el Ateneo de Madrid el 31 de marzo de 1964.
598 _aEn verso de anteport.: Esta colección la publica Editora Nacional.
610 2 4 _aAteneo de Madrid-
_vConferencias-
_y1940-1982.
_91908
650 4 _aLiteratura española-
_xHistoria y crítica
_914560
650 4 _aLiteratura española-
_xTraducciones.
_9145870
710 2 _aAteneo de Madrid.
_91875
830 0 _aColección Ateneo ;
_v22
_9180032
852 _aES-MaACL
_j2294-F-3
_xOlim P-512-bis
852 _aES-MaACL
_jA-6238 (22)
_xOlim P-512-bis
_z- En lomo: 12-22
852 _aES-MaACL
_jP-211-Ter-2-11
_z.- En lomo: 12-22
999 _c177468
_d177468